2022 San Diego Padres Roster w/ First Names - Statistics

General Stats
  • This quiz has been taken 43 times
  • The average score is 22 of 55
Answer Stats
First Last % Correct
Ha-Seong Kim
91%
Blake Snell
88%
Manny Machado
85%
Yu Darvish
82%
Jurickson Profar
82%
Juan Soto
82%
Joe Musgrove
79%
Jake Cronenworth
76%
CJ Abrams
65%
MacKenzie Gore
59%
Trent Grisham
59%
Eric Hosmer
59%
Wil Myers
59%
Esteury Ruiz
59%
Dinelson Lamet
56%
Austin Nola
53%
Adrián Morejón
50%
Eguy Rosario
50%
Craig Stammen
50%
Nick Martinez
47%
Robert Suarez
47%
Trayce Thompson
47%
Nabil Crismatt
44%
Pierce Johnson
44%
Robinson Cano
41%
Luis Garcia
41%
Josh Hader
41%
Austin Adams
35%
Jorge Alfaro
35%
Luis Campusano
35%
Brent Rooker
35%
Steven Wilson
35%
Josh Bell
32%
Brandon Drury
32%
Nomar Mazara
32%
Tim Hill
29%
José Azocar
26%
Matthew Batten
26%
Ray Kerr
26%
Taylor Rogers
26%
Ryan Weathers
26%
Pedro Avila
24%
Reiss Knehr
24%
Michel Baez
21%
Luke Voit
21%
Mike Clevinger
15%
Javy Guerra
15%
Brandon Dixon
12%
Sean Manaea
12%
Matt Beaty
9%
Sergio Alcantara
6%
José Castillo
6%
Tayler Scott
3%
Kyle Tyler
3%
Luis Liberato
0%
No matching quizzes found
Score Distribution
Percent of People with Each Score
Percentile by Number Answered
Your Score History
You have not taken this quiz